Organización monetaria y financiera internacional desde Bretton Woods /

Guardado en:
Autor Principal: Gavaldá, Roberto.
Formato: Libro
Idioma:Spanish
Publicado: Buenos Aires : Editorial Astrea, 1987.
Series:Elementos del derecho comercial ; 4.
Materias:
FMI
Etiquetas: Agregar Etiqueta
Sin Etiquetas, Sea el primero en etiquetar este registro!
LEADER 00686nam a22001935 4500
001 EAD.ead002373
008 080718s1987####ag############000#0#spa#d
005 20100917155356.0
245 1 0 |a Organización monetaria y financiera internacional desde Bretton Woods /  |c por Roberto Gavaldá. 
260 |a Buenos Aires :  |b Editorial Astrea,  |c 1987. 
300 |a 38 p. ;  |c 20 cm. 
490 1 |a Elementos del derecho comercial ;  |v 4 
020 |a 9505082037 
100 1 |a Gavaldá, Roberto. 
830 0 |a Elementos del derecho comercial ;  |v 4. 
082 0 4 |a 332.152  |2 21 
650 7 |a Sistema monetario internacional.  |2 unbist 
653 |a FMI 
859 |a AR-BaBDC  |b BIB. ADMINISTRACION - Libros  |h 332.152  |i G24  |p b03024